Statistics for Countries with embassies and consulates in Cape Verde

Click here to take the quiz!

General Stats

  • This quiz has been taken 23 times
  • The average score is 9 of 12

Answer Stats

ContinentCountry% Correct
South AmericaBrazil
95%
EuropeFrance
95%
Asia/ EuropeRussia
95%
North AmericaCuba
91%
EuropePortugal
91%
North AmericaUnited States of America
91%
AfricaAngola
77%
AsiaChina
77%
AfricaSenegal
73%
AfricaGuinea Bissau
59%
AfricaLibya
45%
EuropeLuxembourg
27%

Score Distribution

Percentile by Number Answered

Percent of People with Each Score

Your Score History

You have not taken this quiz